La catedral de Vich (Record no. 108622)

MARC details
000 -LEADER
campo de control de longitud fija 00767nam a2200205 4500
001 - NÚMERO DE CONTROL
campo de control 108622
003 - IDENTIFICADOR DE NÚMERO DE CONTROL
campo de control ES-MaACL
007 - CAMPO FIJO DE DESCRIPCIÓN FÍSICA--INFORMACIÓN GENERAL
campo de control de longitud fija t|
008 - DATOS DE LONGITUD FIJA--INFORMACIÓN GENERAL
campo de control de longitud fija 061121s1942 sp r ||||1| spa d
100 1# - ENTRADA PRINCIPAL--NOMBRE DE PERSONA
Nombre de persona Monreal y Tejada, Luis.
9 (RLIN) 82276
245 13 - MENCIÓN DEL TÍTULO
Título La catedral de Vich
Resto del título : su historia, su arte y su reconstrucción. Las pinturas murales de José María Sert /
Mención de responsabilidad, etc. Luis Monreal y Tejada; prólogo de Pedro Muguruza Otaño.
250 ## - MENCION DE EDICION
Mención de edición 1ª. ed.
260 ## - PUBLICACIÓN, DISTRIBUCIÓN, ETC.
Lugar de publicación, distribución, etc. Madrid :
Nombre del editor, distribuidor, etc. Ediciones Selectas,
Fecha de publicación, distribución, etc. 1942.
300 ## - DESCRIPCIÓN FÍSICA
Extensión 98 p., 31 lám ;
Dimensiones 26 cm.
490 1# - MENCIÓN DE SERIE
Mención de serie Biblioteca de arte hispánico. Catedrales
700 1# - ENTRADA AGREGADA--NOMBRE PERSONAL
Nombre de persona Muguruza Otaño, Pedro.
9 (RLIN) 84080
830 00 - PUNTO DE ACCESO ADICIONAL DE SERIE-TÍTULO UNIFORME
Título uniforme Biblioteca de arte hispánico
9 (RLIN) 184553
852 ## - LOCALIZACIÓN
Ubicación ES-MaACL
Número de control de estantería B-9998
Sublocalización o colección R.21536
Holdings
Estatus retirado Estado de pérdida Estado de daño No para préstamo Biblioteca de origen Biblioteca actual Ubicación en estantería Fecha de adquisición Fuente de adquisición Total de préstamos Signatura topográfica completa Código de barras Visto por última vez Precio de reemplazo Tipo de ítem Koha
        Biblioteca del Ateneo de Madrid Biblioteca del Ateneo de Madrid Sala Pardo Bazán 17/01/2008     B-9998 1113341 23/02/2023 23/02/2023 Libro impreso